000 01055cam a2200241 4500
008 020730n2001 000 0 eng u
020 _a1899769390
035 _a(Sirsi) u119103
050 _a346.4104342
100 _aDixon, T.
245 _aValuing for fair rents : the law and valuation of regulated residential tenancies
260 _aReading
_bCollege of Estate Management
_c2001
300 _aix,96p.
_c30cm.
490 _aCollege of Estate Management Research Report
520 _aReports on research by the College of Estate Management which recommends the implementation of a more rational approach to valuing for fair rents or the scrapping of the scarcity discount in favour of rent increases controlled by exisiting or modified capping provisions.
650 _aFAIR RENTS
650 _aPROPERTY-RESIDENTIAL PROPERTY-RESIDENTIAL LANDLORD AND TENANT-RESIDENTIAL TENANCIES
650 _aSCARCITY FORMULA
690 _aPROPERTY-PROPERTY APPRAISAL AND VALUATION
700 _aPottinger, G.
700 _aMarston, A.
942 _n0
999 _c102251
_d102251